| 000 | 01683nam a2200229Ia 4500 | ||
|---|---|---|---|
| 999 |
_c34060 _d34060 |
||
| 003 | OSt | ||
| 005 | 20210624105711.0 | ||
| 008 | 160316s2011 xxu||||| |||| 00| 0 eng d | ||
| 020 | _a9789350353615 | ||
| 040 | _cn | ||
| 082 |
_a364.000000 _bSUT |
||
| 100 | _aSutherland E H | ||
| 245 | _aPrinciples of criminology | ||
| 250 | _a6th Rep | ||
| 260 |
_aDelhi _bGurjeet Publications _c2011 |
||
| 300 |
_a646p _cv |
||
| 365 | _b Rs. 395 | ||
| 505 | _aContents: Part 1 The Study of Crime and Delinquency; Chapter 2 Criminology and Criminal Law; Chapter 3 The Sociology of Criminal Law; Chapter 4 Measures of Crime and Delinquency; Chapter 5 Perspectives and Methods; Chapter 6 A Sociological Theory of Criminal Behavior; Chapter 7 Crime, Delinquency, and Social Structure; Chapter 8 Physical and Mental Conditions; Chapter 9 Age, Sex, and Race Ratios; Chapter 10 Cultural Patterns; Chapter 11 Family Patterns and Processes; Chapter 12 Institutional Patterns; Chapter 13 Behavior Processes and Systems; Part 14 The Processing of Crime and Delinquency; Chapter 15 Variations in Punitive Policies; Chapter 16 Punitive Policies and Social Structure; Chapter 17 Intervention; Chapter 18 Policing; Chapter 19 Pretrial Release and Detention; Chapter 20 The Criminal Court; Chapter 21 The Juvenile Court; Chapter 22 Probation; Chapter 23 Development of American Prisons; Chapter 24 Objectives and Conditions of Imprisonment; Chapter 25 Prison Labor, Education, and Group Programs; Chapter 26 Prison Life; Chapter 27 Release from Prison; Chapter 28 Prevention of Crime and Delinquency | ||
| 650 | _a1.Criminology | ||
| 700 |
_aCressey D R _a |
||
| 942 |
_2ddc _cBK |
||